Reprodukční plány mladých mužů v ČR
Reprodukčné chovanie mužskej populácie v Česku a jeho vývoj v čase. Zmeny reprodukčného chovania od 90-tych rokov 20. storočia - hlavná zmena: obmedzenie počtu detí v rodine a odklad ich narodenia do vyššieho veku. Reprodukčné plánovanie súčasnej mladej generácie mužov. Viacrozmerný pohľad na proble...
Enregistré dans:
| Auteur principal: | |
|---|---|
| Autres auteurs: | |
| Format: | Chapitre de livre |
| Langue: | tchèque |
| Sujets: | |
| Tags: |
Pas de tags, Soyez le premier à ajouter un tag!
|
MARC
| LEADER | 00000naa a2200000 4500 | ||
|---|---|---|---|
| 001 | 0221338 | ||
| 005 | 20220715114531.8 | ||
| 041 | 0 | |a cze | |
| 044 | |a CZ | ||
| 245 | 1 | 0 | |a Reprodukční plány mladých mužů v ČR |c Renáta Kyzlinková, Anna Šťastná |
| 520 | |a Reprodukčné chovanie mužskej populácie v Česku a jeho vývoj v čase. Zmeny reprodukčného chovania od 90-tych rokov 20. storočia - hlavná zmena: obmedzenie počtu detí v rodine a odklad ich narodenia do vyššieho veku. Reprodukčné plánovanie súčasnej mladej generácie mužov. Viacrozmerný pohľad na problematiku reprodukčných plánov u mladých mužov - logistická regresia. | ||
| 610 | 2 | 0 | |a muži |
| 610 | 2 | 0 | |a deti |
| 610 | 2 | 0 | |a vývoj populačný |
| 610 | 2 | 0 | |a prognózy demografické |
| 610 | 2 | 0 | |a reprodukcia obyvateľstva |
| 610 | 2 | 0 | |a plánovanie |
| 610 | 2 | 0 | |a Česko |
| 100 | 1 | |a Kyzlinková, Renáta | |
| 700 | 1 | |a Šťastná, Anna | |